Devine le personnage historique en 3 mots #2 - Statistiques

Statistiques générales
  • Ce quiz a été pris 93 fois
    78 depuis la dernière actualisation
  • Le résultat moyen est 6 sur 10
Statistiques - réponses
3 mots Série % Correct
Versailles, Soleil, Monarchie Louis XIV
94%
Prison, Liberté, Apartheid Nelson Mandela
74%
Guerre, Dictature, Allemagne Adolf Hitler
66%
Communisme, Philosophie, Révolution Karl Marx
63%
Révolution, Cuba, Idéal Che Guevara
60%
Art, Souffrance, Mexique Frida Kahlo
54%
Lumière, Invention, Électricité Thomas Edison
47%
Mongols, Conquêtes, Empire Gengis Khan
46%
Empereur, Europe, Unification Charlemagne
41%
Croisades, Sultan, Jérusalem Saladin
25%
Aucun quiz correspondant
Distribution des résultats
% des personnes avec chaque résultat
Percentile par nombre de réponses
Votre historique - résultats
Vous n’avez pas pris ce quiz depuis la dernière actualisation